000 00677nam a2200229Ia 4500
003 OSt
005 20220927105241.0
006 a|||||r|||| 00| 0
007 ta
008 220926b |||||||| |||| 00| 0 eng d
024 _a196369
037 _cReference Collections
040 _aRTL
_cRTL
_beng
041 _2eng
_aeng
082 _a"X:(G:55).73.N9, P1"
100 _aECCLESTON Charles H
_9371274
245 0 _aEffective environmental assessments
260 _alondon
_blewis publishers new york
_c2001
300 _a453p
_ccm.
942 _h"X:(G:55).73.N9, P1"
_cCC
999 _c691494
_d691494